L'Islande pour les touristes... - Facile - Statistiques

Statistiques générales
  • Ce quiz a été pris 41 fois
  • Le résultat moyen est 11 sur 20
Statistiques - réponses
Question Indice Réponses Indice facile % Correct
Le suffixe internet est is
100%
Quelle est la langue officielle ? Islandais
100%
Quelles autres langues sont répandues ? A Anglais
94%
La conduite se fait à droite ou à gauche ? Droite
88%
Dans la capitale y-a-t-il un décalage horaire avec Paris ? (oui/non) Oui
88%
Quelles sont les principales villes touristiques ? R Reykjavik
85%
La vitesse est limitée hors agglomérations à {90} km/h
79%
Quelle est la monnaie ? Couronne islandaise C
76%
Le taux d'alcoolémie toléré au volant est de {0} g/l
71%
Achats à faire 2/ Bijoux en perles de Lave VELA
59%
Quelles sont les principales villes touristiques ? V Vik KIV
59%
Achats à faire 1/ Pull islandais appelé Lopi POIL
50%
Quelles sont les principales villes touristiques ? H Hofn FHON
44%
Quelles sont les principaux lieux touristiques ? D Danois
26%
La religion majoritaire est Luthéranisme L
24%
Quels parc nationaux peut-on visiter ? V Vatnajokull ALLOUANTJKV
18%
Quels parc nationaux peut-on visiter ? P Pingvellir VIPERINGLL
15%
Quelles sont les principales villes touristiques ? F Fossatun FAUSTONS
3%
Quelles sont les principales villes touristiques ? S Stykkishólmur KRSTUYKILOHMS
3%
Achats à faire 3/ Du pain Volcanique LACOQUINEV
3%
Aucun quiz correspondant
Distribution des résultats
% des personnes avec chaque résultat
Percentile par nombre de réponses
Votre historique - résultats
Vous n’avez pas pris ce quiz